[Event "Stare Mesto"]
[Site "Stare Mesto"]
[Date "1992.??.??"]
[Round "4"]
[White "Babula, Vlastimil"]
[Black "Lanc, Alois"]
[Result "1-0"]
[WhiteElo "2380"]
[BlackElo "2460"]

1.d4 f5 2.g3 Nf6 3.Bg2 g6 4.Nf3 Bg7 5.O-O O-O 6.c4 d6 7.Nc3 Nc6 8.d5 Ne5
9.Nxe5 dxe5 10.e4 f4 11.gxf4 exf4 12.e5 Nh5 13.e6 Bxc3 14.bxc3 c5 15.Re1 Qd6
16.Be4 b6 17.a4 a5 18.Qf3 Ba6 19.Bd3 Rf6 20.Bd2 Ng7 21.Rad1 Raf8 22.Bc1 Bb7
23.Qg4 Rd8 24.Re4 Nh5 25.Rde1 Rdf8 26.Re5 Ng7 27.h4 Kh8 28.Rg5 Qb8 29.Kh2 Qe8
30.Rg1 Rg8 31.Bxf4 Rgf8 32.Be5 Rxf2+ 33.Rg2 Qxa4 34.Bxg7+ Kxg7 35.Rxg6+  1-0

[Event "Stockholm"]
[Site "Stockholm"]
[Date "1992.??.??"]
[Round "?"]
[White "Cramling, Dan"]
[Black "Furhoff, Johan"]
[Result "1-0"]
[WhiteElo "2435"]
[BlackElo "2250"]

1.c4 f5 2.Nf3 Nf6 3.d4 g6 4.g3 Bg7 5.Bg2 O-O 6.O-O d6 7.Nc3 Qe8 8.b3 h6 9.Re1 Qf7
10.e4 Nxe4 11.Nxe4 fxe4 12.Rxe4 Bf5 13.Re3 Nc6 14.Bb2 Rae8 15.Qd2 g5 16.d5 Bxb2
17.Qxb2 Nb4 18.Nd4 Qf6 19.Qc3 Bg4 20.Rf1 Nxa2 21.Qd2 Nb4 22.Ne6 a5 23.Nxf8 Rxf8
24.f4 Qg7 25.fxg5 hxg5 26.Rxf8+ Kxf8 27.Bf3 Bh3 28.Be4 g4 29.Bg2 c6 30.dxc6 bxc6
31.Qf2+ Ke8 32.Qd2 Kd7 33.Bxh3 gxh3 34.Re4 d5 35.Re1 Qf6 36.Rf1 Qe5 37.Re1 Qf5
38.cxd5 cxd5 39.Rf1 Qe4 40.Re1 Qc2 41.Qxc2 Nxc2 42.Rc1 Nd4 43.Rc5 Kd6 44.Rxa5 Nxb3
45.Ra3 Nd2 46.g4 e5 47.g5 e4 48.g6 Ke7 49.Ra7+ Kf8 50.Kf2 d4 51.Rd7 Nf3 52.Kg3 Ne5
53.Rxd4 Kg7 54.Rxe4 Nxg6 55.Kxh3 Nf8 56.Kg4 Kg6 57.Ra4 Nd7 58.Ra6+ Nf6+ 59.Kf4 Kg7
60.Kf5 Nh7 61.Ra7+ Kh6 62.h4 Nf8 63.Rb7 Nh7 64.Rf7  1-0

[Event "POL-ch (Women)"]
[Site "Swieradow"]
[Date "1992.??.??"]
[Round "3"]
[White "Lissowska, Anna"]
[Black "Lewandowska, Katarzyna"]
[Result "0-1"]
[WhiteElo "2235"]
[BlackElo "2120"]

1.d4 f5 2.Nf3 Nf6 3.g3 g6 4.Bg2 Bg7 5.O-O O-O 6.c4 d6 7.Nc3 Nc6 8.d5 Na5
9.Nd2 c5 10.a3 Bd7 11.Rb1 Rc8 12.b3 a6 13.e4 Ng4 14.Ne2 b5 15.Bb2 Bxb2 16.Rxb2 bxc4
17.bxc4 Rb8 18.Rxb8 Qxb8 19.Qc2 Qc7 20.Qc3 fxe4 21.Bxe4 Nb7 22.f4 Nf6 23.Bg2 Bf5
24.h3 h5 25.Qe3 Qd7 26.Nf3 Bxh3 27.Bxh3 Qxh3 28.Qxe7 Qd7 29.Qe3 Re8 30.Qd3 Qf5
31.Qxf5 gxf5 32.Re1 Na5 33.Nh4 Nxc4 34.Nxf5 Kf7 35.Rc1 Rxe2 36.Rxc4 Ne8 37.Ra4 Kf6
38.Kf1 Rd2 39.Ne3 Nc7 40.Re4 Nxd5 41.Nxd5+ Rxd5 42.Ra4 Rd4 43.Rxa6 h4 44.gxh4 Rxf4+
45.Kg2 Ke5 46.Kg3 Rf1 47.h5 c4 48.Rc6 Kd5 49.Rc7 Ra1 50.h6 Rxa3+ 51.Kg4 Ra1
52.h7 Rh1 53.Kf3 Kd4 54.Kg2 Rh6 55.Rg7 d5 56.Kf2 Kd3 57.Kg1 c3 58.Rg3+ Kc4
59.Rg4+ d4 60.Kf2 Kd3 61.Rg3+ Kd2  0-1

[Event "Tel Aviv-B"]
[Site "Tel Aviv"]
[Date "1992.??.??"]
[Round "11"]
[White "Shabtai, Ran"]
[Black "Tseitlin, Mark D"]
[Result "1/2-1/2"]
[WhiteElo "2340"]
[BlackElo "2440"]

1.d4 f5 2.g3 Nf6 3.Bg2 g6 4.Nf3 Bg7 5.O-O O-O 6.c4 d6 7.Nc3 Nc6 8.d5 Na5
9.Qa4 c5 10.dxc6 bxc6 11.Nd4 c5 12.Ndb5 Bb7 13.Bxb7 Nxb7 14.Nd5 Nxd5  1/2-1/2

[Event "Morava-ch U20"]
[Site "Valtice"]
[Date "1992.??.??"]
[Round "3"]
[White "Buran, Jaroslav"]
[Black "Sluka, Radek"]
[Result "1/2-1/2"]
[WhiteElo "2070"]
[BlackElo "2270"]

1.d4 f5 2.Nf3 Nf6 3.g3 g6 4.Bg2 Bg7 5.O-O O-O 6.c4 d6 7.Nc3 Nc6 8.d5 Ne5
9.Nxe5 dxe5 10.e4 f4 11.gxf4 Nh5 12.fxe5 Bxe5 13.Ne2 Qd6 14.f4 Nxf4 15.Nxf4 Bxf4
16.Bxf4 Rxf4 17.Rxf4 Qxf4 18.Qf3 Qxf3 19.Bxf3 e5 20.Rf1 Bh3 21.Bg2 Bg4 22.Bf3  1/2-1/2

[Event "Warsaw op"]
[Site "Warsaw"]
[Date "1992.??.??"]
[Round "11"]
[White "Neverov, Valeriy"]
[Black "Malaniuk, Vladimir P"]
[Result "0-1"]
[WhiteElo "2520"]
[BlackElo "2550"]

1.d4 f5 2.Nf3 Nf6 3.c4 g6 4.g3 Bg7 5.Bg2 O-O 6.O-O d6 7.Nc3 Qe8 8.b3 Nc6
9.Nb5 Qd8 10.d5 Ne5 11.Nxe5 dxe5 12.Bb2 a6 13.Na3 e4 14.f3 exf3 15.exf3 f4
16.Re1 Nh5 17.Bxg7 Nxg7 18.Qd4 fxg3 19.hxg3 Qd6 20.c5 Qxg3 21.Rxe7 Nf5 22.Qe5 Qh4
23.Rxc7 Bd7 24.Rxd7 Rae8 25.Qb2 Nd4 26.Nc2 Ne2+ 27.Kf1 Rxf3+ 28.Bxf3 Qh3+
29.Bg2 Qf5+ 30.Ke1 Nf4+ 31.Kf2 Nd3+ 32.Kg1 Nxb2 33.c6 Re2 34.Ne3 Qf2+ 35.Kh1 Rxe3
36.cxb7 Re8 37.Rc1 Qh4+ 38.Kg1 Qd4+ 39.Kh1 Qh4+ 40.Kg1 Qd4+ 41.Kh1 Nd3 42.Rc8 Nf2+
43.Kh2 Ng4+ 44.Kh3 Qe3+ 45.Kxg4 h5+ 46.Kh4 Qf4+ 47.Kh3 Qg4+ 48.Kh2 Qxd7  0-1

[Event "Hoogovens-B"]
[Site "Wijk aan Zee"]
[Date "1992.??.??"]
[Round "4"]
[White "Cifuentes Parada, Roberto"]
[Black "Van Mil, Johannes A J"]
[Result "1/2-1/2"]
[WhiteElo "2540"]
[BlackElo "2445"]

1.Nf3 f5 2.d4 Nf6 3.g3 g6 4.Bg2 Bg7 5.O-O O-O 6.c4 d6 7.Nc3 Qe8 8.d5 Na6
9.Rb1 Bd7 10.b4 Rc8 11.Be3 h6 12.c5 g5 13.Qb3 Kh8 14.Qc4 c6 15.dxc6 Bxc6
16.Rfd1 b5 17.Qb3 dxc5 18.bxc5 b4 19.Nd5 Nxd5 20.Rxd5 Bxd5 21.Qxd5 Qf7 22.Ne5 Bxe5
23.Qxe5+ Qf6 24.Qxf6+ Rxf6 25.Bd4 Rxc5 26.Bxc5 Nxc5 27.Rxb4 Rb6 28.Rxb6 axb6
29.Kf1 Na4 30.Bc6 Nc3 31.a4 Kg7 32.Ke1 Kf6 33.Kd2 Na2 34.f4 gxf4 35.gxf4 Ke6
36.Bb7 Kd6 37.Bc8 e6 38.e3 Nb4 39.Kc3 Nd5+ 40.Kd4 Nf6 41.Ba6 Ng4 42.h3 Nf2
43.h4 Ne4 44.Be2 Nf6 45.Bf3 Nd5 46.Be2 Ne7 47.Bh5 Nd5 48.Bf3 Ne7 49.Kc4 Nd5
50.Kd4  1/2-1/2

[Event "Wisla BES op"]
[Site "Wisla"]
[Date "1992.??.??"]
[Round "6"]
[White "Janocha, Wieslaw"]
[Black "Orzechowski, Jacek"]
[Result "1/2-1/2"]
[WhiteElo "2330"]
[BlackElo "2265"]

1.d4 f5 2.Nf3 Nf6 3.c4 g6 4.g3 Bg7 5.Bg2 O-O 6.O-O d6 7.Nc3 Qe8 8.d5 c6 9.Re1 Na6
10.Nd4 Bd7 11.Rb1 Nc5 12.f3 a5 13.Nb3 Nxb3 14.Qxb3 cxd5 15.cxd5 b5 16.e3 b4
17.Ne2 Ba4 18.Qd3 Qb5 19.Qxb5 Bxb5 20.Nd4 Bc4 21.Ne6 Rfc8 22.e4 fxe4 23.fxe4 Bd3
24.Ra1 Rc2 25.Nxg7 Kxg7 26.b3 Rac8 27.Bf4 Ng4 28.Bh3 h5 29.Bxg4 hxg4 30.Rac1 Rxc1
31.Bxc1 Rc2 32.a3  1/2-1/2

[Event "Wuerzburg op"]
[Site "Wuerzburg"]
[Date "1992.??.??"]
[Round "?"]
[White "Budnikov, Alexandar"]
[Black "Galdunts, Sergey"]
[Result "1/2-1/2"]
[WhiteElo "2520"]
[BlackElo "2465"]

1.d4 f5 2.g3 Nf6 3.Bg2 g6 4.Nf3 Bg7 5.O-O O-O 6.c4 d6 7.Nc3 Qe8 8.b3 h6 9.Ba3 c6
10.Qc2 g5 11.e4  1/2-1/2

[Event "Wuerzburg op"]
[Site "Wuerzburg"]
[Date "1992.??.??"]
[Round "?"]
[White "Chuchelov, Vladimir"]
[Black "Galdunts, Sergey"]
[Result "1-0"]
[WhiteElo "2490"]
[BlackElo "2465"]

1.d4 f5 2.g3 Nf6 3.Bg2 g6 4.Nf3 Bg7 5.O-O O-O 6.c4 d6 7.Nc3 Qe8 8.b3 h6 9.Ba3 c6
10.Qd3 g5 11.e4 fxe4 12.Nxe4 Qg6 13.Nxf6+ Qxf6 14.Rae1 Na6 15.Re3 Rf7 16.h3 g4
17.hxg4 Bxg4 18.Bb2 Raf8 19.Nh4 h5 20.Bc3 Qh6 21.d5 Bd7 22.b4 Nc7 23.Qg6 e5
24.dxe6 Bxe6 25.Bxg7 Qxg7 26.Rxe6 Nxe6 27.Qxe6 Qe5 28.Qxe5 dxe5 29.Ng6 Rd8
30.Nxe5 Rg7 31.b5 cxb5 32.cxb5 Rg5 33.Re1 Re8 34.f4 Rxg3 35.Kf2 Ra3 36.Bd5+ Kg7
37.Rg1+ Kf6 38.Bb3 Kf5 39.Kf3 Rc8 40.Rg5+ Kf6 41.Rxh5 a5 42.Rh7  1-0

[Event "Ibercaja op"]
[Site "Zaragoza"]
[Date "1992.??.??"]
[Round "?"]
[White "Foisor, Ovidiu"]
[Black "Vyzmanavin, Alexey"]
[Result "1/2-1/2"]
[WhiteElo "2425"]
[BlackElo "2590"]

1.c4 f5 2.g3 Nf6 3.Bg2 g6 4.Nf3 Bg7 5.O-O O-O 6.d4 d6 7.b3 Qe8 8.Bb2 Na6
9.Nc3 c6 10.d5 Bd7 11.Nd4 Nc7 12.b4 cxd5 13.cxd5 Qf7 14.Qd2 h6 15.f4 Rac8
16.Rac1 Kh7 17.Nb3 Nfe8 18.e4 fxe4  1/2-1/2

[Event "Athens op"]
[Site "Athens"]
[Date "1993.??.??"]
[Round "9"]
[White "Georgiakakis, Ioannis"]
[Black "Porfiriadis, Sotirios"]
[Result "1-0"]
[WhiteElo "2220"]
[BlackElo "2315"]

1.d4 f5 2.Nf3 Nf6 3.g3 g6 4.Bg2 Bg7 5.O-O O-O 6.c4 d6 7.Nc3 Qe8 8.e4 fxe4
9.Ng5 c6 10.Ngxe4 Nxe4 11.Nxe4 Qf7 12.d5 c5 13.Qe2 h6 14.Be3 Na6 15.Rae1 Bd7
16.f4 Rab8 17.Bc1 b5 18.b3 bxc4 19.bxc4 Bd4+ 20.Kh1 Qg7 21.g4 Rf7 22.Bh3 Kh8
23.Rf3 Rg8 24.Ref1 Rgf8 25.Qe1 Nc7 26.Qa5 Ne8 27.Qxa7 e5 28.Qa3 exf4 29.Bxf4 g5
30.Bxd6 Qg6 31.Bxf8 Qxe4 32.Bg2 Rxf3 33.Qxf3  1-0

[Event "AUT-chT"]
[Site "?"]
[Date "1993.??.??"]
[Round "?"]
[White "Brestian, Egon"]
[Black "Kindermann, Stefan"]
[Result "1/2-1/2"]
[WhiteElo "2450"]
[BlackElo "2495"]

1.d4 f5 2.g3 Nf6 3.Bg2 g6 4.Nf3 Bg7 5.c4 O-O 6.O-O d6 7.Nc3 Qe8 8.Nd5 Nxd5
9.cxd5 Qb5 10.Qb3 Qxb3 11.axb3 c6 12.dxc6 Nxc6 13.d5 Nb4 14.Rd1 Bd7 15.Bg5 Rfe8
16.Rac1 Na6 17.Nd4 h6 18.Be3 Rec8 19.h4 Nc5 20.b4 Na4 21.Rxc8+ Rxc8 22.Rd2 h5
23.b3 Nc3 24.Ne6 Bxe6 25.dxe6 Ne4 26.Bxe4 fxe4 27.Bxa7 Rc3  1/2-1/2

[Event "Oberliga Baden9293"]
[Site "Baden"]
[Date "1993.??.??"]
[Round "?"]
[White "Steinmacher, Josef"]
[Black "Preiss, Martin"]
[Result "0-1"]
[WhiteElo "2030"]
[BlackElo "2235"]

1.d4 f5 2.c4 Nf6 3.Nf3 g6 4.g3 Bg7 5.Bg2 O-O 6.O-O d6 7.b3 Ne4 8.Bb2 Nc6
9.Nbd2 Nxd2 10.Qxd2 e5 11.dxe5 dxe5 12.Qd5+ Kh8 13.Qxd8 Rxd8 14.Rfd1 Re8
15.Rac1 Bf6 16.Ne1 Kg7 17.Bxc6 bxc6 18.Nd3 e4 19.Bxf6+ Kxf6 20.Nb4 Bb7 21.Kf1 Red8
22.Ke1 Ke6 23.Rxd8 Rxd8 24.Rd1 Rd6 25.Nc2 c5 26.Ne3 a5 27.Rd2 Bc6 28.Nd1 Ke5
29.Nc3 g5 30.e3 f4 31.Nb5 Rh6 32.Nxc7 Rxh2 33.Na6 Rh1+  0-1

[Event "Barcelona"]
[Site "Barcelona"]
[Date "1993.??.??"]
[Round "1"]
[White "Spraggett, Kevin"]
[Black "Mellado Trivino, Juan"]
[Result "1-0"]
[WhiteElo "2555"]
[BlackElo "2415"]

1.d4 f5 2.g3 Nf6 3.Bg2 g6 4.Nf3 Bg7 5.O-O O-O 6.c4 d6 7.Nc3 c6 8.d5 e5 9.dxe6 Bxe6
10.Qd3 Ng4 11.Ng5 Bc8 12.e4 Na6 13.Qe2 Nc5 14.h3 Nf6 15.exf5 Bxf5 16.Rd1 Re8
17.Be3 Nfe4 18.Ngxe4 Nxe4 19.Nxe4 Bxe4 20.Rd2 Bxg2 21.Kxg2 Re6 22.Rad1 Qe7
23.Qd3 Be5 24.b3 a6 25.Re2 Re8 26.Bd2 Qf7 27.Rde1 Bd4 28.f4 Rxe2+ 29.Rxe2 Rxe2+
30.Qxe2 d5 31.Qd3 c5 32.cxd5 Qxd5+ 33.Qf3 Qe6 34.g4 b5 35.Qa8+ Kf7 36.Kf3 Qd7
37.Ke2 Qe6+ 38.Kf3 Qd7 39.Ke2 Qe6+ 40.Kd3 Bf6 41.Qb7+ Ke8 42.Qe4 Ke7 43.Qxe6+ Kxe6
44.Ke4 c4 45.bxc4 bxc4 46.Be3 c3 47.Bc5 h5 48.Ba3 hxg4 49.hxg4 Bg7 50.Bb4 a5
51.Ba3 Bf6 52.Bc5 Bg7 53.a4 Bf6 54.Kd3 Bd8 55.Bd4 Bc7 56.Bxc3 Kd5 57.Bd2 Bd8
58.Be3 Bc7 59.Bd4 Bd8 60.Ba1 Bb6 61.Bf6 Bc7 62.Ke3 Ke6 63.Ba1 Kd5 64.Kf3 Bd8
65.Bg7 Be7 66.Bc3 Bd8 67.Bd2 Kd4 68.Bc1 Kd5 69.Bb2 Be7 70.g5 Bd6 71.Bf6 Bc7
72.Bc3 Kc4 73.Be5 Bb6 74.f5 Kd5 75.fxg6 Ke6 76.Bc3 Bd8 77.Kg4  1-0

[Event "Barcelona"]
[Site "Barcelona"]
[Date "1993.??.??"]
[Round "6"]
[White "Solozhenkin, Evgeniy"]
[Black "De la Riva Aguado, Oscar"]
[Result "1-0"]
[WhiteElo "2515"]
[BlackElo "2400"]

1.d4 g6 2.c4 Bg7 3.Nf3 f5 4.g3 Nf6 5.Bg2 O-O 6.O-O d6 7.Nc3 Qe8 8.b3 Na6
9.Ba3 c6 10.Qd2 h6 11.Rad1 g5 12.Ne1 Qg6 13.f3 Rb8 14.Nd3 Kh8 15.e3 Bd7 16.Ne2 Nc7
17.Nf2 Rbd8 18.Bc1 b6 19.f4 d5 20.Ba3 Rfe8 21.Nd3 Ne4 22.Qc2 Be6 23.Ne5 Bxe5
24.dxe5 c5 25.Nc3 Nxc3 26.Qxc3 gxf4 27.exf4 d4 28.Qc2 Qf7 29.Rc1 Rc8 30.Rfd1 Red8
31.Bb2 a5 32.a3 b5 33.Bf1 a4 34.b4 bxc4 35.Bxc4 cxb4 36.Rxd4 bxa3 37.Bxe6 Nxe6
38.Rxd8+ Rxd8 39.Bxa3 Nd4 40.Qc4 Qh5 41.Bxe7 Nf3+ 42.Kf2 Rd2+ 43.Ke3 Kh7
44.Bf6 Rd7 45.Qc6  1-0

[Event "Oberliga Bayern9394"]
[Site "Bayern"]
[Date "1993.??.??"]
[Round "?"]
[White "Geller, Arpad"]
[Black "Urankar, Hans Peter"]
[Result "0-1"]
[WhiteElo "2300"]
[BlackElo "2130"]

1.d4 f5 2.g3 Nf6 3.Bg2 g6 4.Nf3 Bg7 5.O-O O-O 6.c4 d6 7.Nc3 Qe8 8.b3 e5 9.dxe5 dxe5
10.Ba3 Rf7 11.Qc2 Nc6 12.Rad1 e4 13.Ng5 Rd7 14.Nb5 h6 15.Nh3 g5 16.Rxd7 Qxd7
17.f3 Nd4 18.Nxd4 Qxd4+ 19.Nf2 e3 20.Nd3 f4 21.Bb2 Qb6 22.gxf4 Bf5 23.fxg5 hxg5
24.Rd1 Rd8 25.Be5 Nh5 26.c5 Qe6 27.Bxc7 Rd4 28.b4 Rxb4 29.Qc1 Rc4 30.Qa3 Rc2
31.Qxa7 Rxe2 32.Ne1 Rd2 33.Rc1 e2 34.Bg3 Nxg3 35.hxg3 Qe3+ 36.Kh1 Rd1  0-1

[Event "CC-ch"]
[Site "Boylston"]
[Date "1993.??.??"]
[Round "5"]
[White "Paschall, William M"]
[Black "Rasin, Jacob"]
[Result "1/2-1/2"]
[WhiteElo "2235"]
[BlackElo "2350"]

1.d4 f5 2.g3 Nf6 3.Bg2 g6 4.Nf3 Bg7 5.O-O O-O 6.c4 d6 7.Nc3 c6 8.d5 e5 9.dxe6 Bxe6
10.Qa4 Nbd7 11.Ng5 Qe7 12.Nxe6 Qxe6 13.Be3 Ng4 14.Bf4 Nge5 15.Rac1 Kh8 16.b3 h6
17.Rfd1 g5 18.Bxe5 Bxe5 19.Qb4 Nc5 20.Na4 Nxa4 21.bxa4 Rf7 22.Rd3 f4 23.c5 d5
24.e4 fxe3 25.Rxe3 Qf6 26.Rf3 Qg7 27.Rxf7 Qxf7 28.Re1 Qg7 29.Rb1 Rb8 30.Rb3 Rf8
31.Rf3 Rxf3 32.Bxf3 Bc3 33.Qg4 Qe7 34.Be2 Kg7 35.h4 Qf6 36.hxg5 hxg5 37.Kg2 Bd4
38.f4 Bxc5 39.fxg5 Qe7 40.Qh5 Qe4+ 41.Bf3 Qc2+ 42.Kh3 Qh7 43.Qxh7+ Kxh7 44.Kg4  1/2-1/2

[Event "Brno"]
[Site "Brno"]
[Date "1993.??.??"]
[Round "2"]
[White "Schlosser, Philipp"]
[Black "Malaniuk, Vladimir P"]
[Result "1/2-1/2"]
[WhiteElo "2550"]
[BlackElo "2635"]

1.Nf3 f5 2.g3 Nf6 3.Bg2 g6 4.d4 Bg7 5.O-O O-O 6.c4 d6 7.Nc3 Qe8 8.d5 Na6
9.Rb1 c5 10.dxc6 bxc6 11.b4 Bd7 12.a3 Nc7 13.Bb2 Rb8 14.c5 dxc5 15.bxc5 Ne4
16.Nxe4 Bxb2 17.Neg5 Nd5 18.Ne5 e6 19.Nxd7 Qxd7 20.e4 fxe4 21.Bh3 Qe7 22.Bxe6+ Kh8
23.Bxd5 Qxg5 24.Bxe4  1/2-1/2

[Event "Bucharest2"]
[Site "Bucharest"]
[Date "1993.??.??"]
[Round "1"]
[White "Musat, Adrian"]
[Black "Bogdan, Dan"]
[Result "1/2-1/2"]
[WhiteElo "2275"]
[BlackElo "2290"]

1.Nf3 f5 2.g3 Nf6 3.Bg2 g6 4.O-O Bg7 5.d4 O-O 6.c4 d6 7.Nc3 c6 8.d5 Qe8 9.e4 Nxe4
10.Nxe4 fxe4 11.Ng5 h6 12.Nxe4 Nd7 13.c5 dxc5 14.dxc6 bxc6 15.Be3 c4 16.Qc1 Kh7
17.Qxc4 Ne5 18.Qc2 Ba6 19.Rfd1 Qf7 20.Rac1 Bc4 21.f4 Ng4 22.Bd4 Bxd4+ 23.Rxd4 Bxa2
24.Qe2  1/2-1/2

[Event "Budapest FS09 IM-A"]
[Site "Budapest"]
[Date "1993.??.??"]
[Round "?"]
[White "Kahn, Evarth"]
[Black "Bersutzki, Gregory"]
[Result "1-0"]
[WhiteElo "2390"]
[BlackElo "2175"]

1.d4 f5 2.Nf3 Nf6 3.g3 g6 4.Bg2 Bg7 5.O-O O-O 6.c4 d6 7.Nc3 c6 8.d5 cxd5
9.cxd5 Na6 10.Be3 Bd7 11.Bd4 b6 12.Re1 Nc7 13.e4 fxe4 14.Ng5 Bg4 15.Qd2 Bh6
16.Be3 e5 17.dxe6 d5 18.f3 Bxe6 19.Rad1 Bxg5 20.Bxg5 exf3 21.Bxf3 Qd7 22.Qd4 Qg7
23.Bf4 Rae8 24.Be5 Qe7 25.Re3 Ne4 26.Bxe4 dxe4 27.Bd6 Qf7 28.Bxf8 Rxf8 29.Rxe4 g5
30.Rde1 Bh3 31.Qc4 Be6 32.Qe2 Re8 33.Nb5  1-0

[Event "Budapest"]
[Site "Budapest"]
[Date "1993.??.??"]
[Round "?"]
[White "Schneider, Attila"]
[Black "Karpov, Alexander"]
[Result "1/2-1/2"]
[WhiteElo "2355"]
[BlackElo "2365"]

1.d4 f5 2.Nf3 Nf6 3.g3 g6 4.Bg2 Bg7 5.O-O O-O 6.c4 d6 7.Nc3 Qe8 8.d5 Na6
9.Nd4 Bd7 10.b3 c6 11.Bb2 Nc7 12.Rb1 c5 13.Nc2 g5 14.e3 f4 15.exf4 gxf4 16.Ne2 Nh5
17.Bxg7 Kxg7 18.Bf3 e5 19.dxe6 Nxe6 20.Nc3 Nf6 21.Bxb7 Rd8 22.Kh1 Qg6 23.gxf4 Kh8
24.Rg1 Qf5 25.Bf3 Qxf4 26.Rg3 Ng5 27.Ne2 Qe5 28.Bg2 Nfe4 29.Kg1 Nxg3 30.hxg3 Nh3+
31.Bxh3 Bxh3 32.Ne3 Rg8 33.Kh2 Rdf8 34.Qe1 Bd7 35.Rd1 Rg6 36.Kg1 Bc6 37.Nd5 Rf3
38.Qf1 Rf8 39.Rd3 Qh5 40.Qa1+ Qe5 41.Qd1 Bxd5 42.Rxd5 Qf6 43.Qe1 Kg8 44.Rd3 Re8
45.Qd2 Rf8 46.Nc3 Re8 47.Kg2 Re5 48.Rf3 Qg5 49.Qd3 Rh6 50.Rf4 Qg7 51.Qf3 Re8
52.Qd5+ Kh8 53.Qf7 Rg8 54.Qxg7+ Kxg7 55.Re4 Kf7 56.Rf4+ Kg7 57.Re4 Kf7 58.Nb5 a5
59.Rf4+ Kg7 60.Rf3 Rf8 61.Rd3 Rff6 62.f4 Kf7 63.Nc7 Kf8 64.Re3 Rf7 65.Re8+ Kg7
66.Ne6+ Kf6 67.g4 Rg6 68.Kf3 Re7 69.Rf8+ Rf7 70.Rxf7+ Kxf7 71.f5 Rg8 72.g5 a4
73.bxa4 Ra8 74.Ke4 Rxa4 75.Kd5 Rxa2 76.Kxd6 Rf2 77.Ke5 Rc2 78.Nxc5 Rxc4 79.Ne4 Rc1
80.Nd6+ Kg7 81.Ne4 Re1  1/2-1/2

[Event "Budapest FS09 IM-A"]
[Site "Budapest"]
[Date "1993.??.??"]
[Round "?"]
[White "Krutti, Valer"]
[Black "Hoang Than Trang"]
[Result "1/2-1/2"]
[WhiteElo "2350"]
[BlackElo "2300"]

1.d4 f5 2.g3 Nf6 3.Bg2 g6 4.Nf3 Bg7 5.O-O O-O 6.c4 d6 7.Nc3 Qe8 8.Re1 Qf7
9.b3 Ne4 10.Qc2 Nc6 11.Be3 Nxc3 12.Qxc3 e5 13.dxe5 dxe5 14.Ng5 Qe7 15.Bd5+ Kh8
16.Bxc6 bxc6 17.Qd2 h6 18.Nf3 g5 19.Qa5 Rf7 20.Rad1 f4 21.Bc5 Qf6 22.Nd2 Bh3
23.Qc3 Qf5 24.e4 Qg6 25.Nf3 Re8 26.Rd3 Qh5 27.Nd2 Bg4 28.f3 fxg3 29.hxg3 Be6
30.g4 Qg6 31.Kg2 Qf6 32.Nf1 Bf8 33.Bxf8 Rexf8 34.Ng3 Bc8 35.Nf5 Kg8 36.Qd2 h5
37.Rh1 Rh7 38.Qe3 a6 39.Rd2 h4 40.Rhd1 Rhf7 41.Rd3 Re8 42.Kh3 Kh7 43.Qd2 Rff8
44.Qa5 Rf7 45.Qc5 Kh8 46.R1d2 Kh7 47.Qe3  1/2-1/2

[Event "Budapest FS09 IM-B"]
[Site "Budapest"]
[Date "1993.??.??"]
[Round "?"]
[White "Navarovszky, Laszlo"]
[Black "Eliet, Nicolas"]
[Result "1/2-1/2"]
[WhiteElo "2320"]
[BlackElo "2295"]

1.c4 f5 2.Nf3 Nf6 3.g3 g6 4.Bg2 Bg7 5.O-O O-O 6.d4 d6 7.b3 c6 8.Bb2 Na6 9.a3 Bd7
10.Qc2 Rb8 11.Nbd2 b5 12.Ne1 Qe8 13.Nd3 Kh8 14.c5 g5 15.Nb4  1/2-1/2

[Event "Budapest FS02 GM"]
[Site "Budapest"]
[Date "1993.??.??"]
[Round "?"]
[White "Wells, Peter K"]
[Black "Dao Thien Hai"]
[Result "1-0"]
[WhiteElo "2485"]
[BlackElo "2560"]

1.d4 f5 2.g3 Nf6 3.Bg2 g6 4.Nf3 Bg7 5.O-O O-O 6.c4 d6 7.Nc3 Qe8 8.d5 Na6
9.Nd4 Nc5 10.b4 Nfe4 11.Nxe4 Nxe4 12.Bb2 c5 13.dxc6 bxc6 14.f3 Ng5 15.Qd2 Nf7
16.f4 Bd7 17.b5 cxb5 18.Bxa8 Qxa8 19.Nxb5 Bxb2 20.Qxb2 a6 21.Nc3 Qa7+ 22.Rf2 Rb8
23.Qd2 e6 24.e4 Bc6 25.exf5 gxf5 26.Re1 Re8 27.Qe3 Qc7 28.Rb2 Bd7 29.Qd4 Rc8
30.Ne2 Qc6 31.Qf2 Qa4 32.Nd4 Nd8 33.Rb6 Nf7 34.Nxe6 Qxc4 35.Nd4 Qa4 36.Rb2 d5
37.Qd2 Rc4 38.Nf3 Bc6 39.Rb8+ Kg7 40.Re7 Qa3 41.Qb2+ Qxb2 42.Rxb2 Rc1+ 43.Kf2 Kf6
44.Rc7 Nd6 45.Nd4 Ne4+ 46.Kg2  1-0

[Event "Budapest FS02 GM"]
[Site "Budapest"]
[Date "1993.??.??"]
[Round "?"]
[White "Lukacs, Peter"]
[Black "Dao Thien Hai"]
[Result "0-1"]
[WhiteElo "2480"]
[BlackElo "2560"]

1.d4 f5 2.g3 Nf6 3.Bg2 g6 4.Nf3 Bg7 5.O-O O-O 6.c4 d6 7.Nc3 Qe8 8.d5 Na6
9.Rb1 Bd7 10.b3 Nc5 11.Bb2 a5 12.a3 h6 13.b4 axb4 14.axb4 Na4 15.Nxa4 Rxa4
16.Qb3 g5 17.c5 Ra8 18.c6 Bc8 19.cxb7 Bxb7 20.Nd4 Bc8 21.Qc2 Rb8 22.Ba1 f4
23.Qxc7 Bd7 24.Ne6 Bxe6 25.dxe6 Ng4 26.Bxg7 Kxg7 27.gxf4 Rxf4 28.e3 Rf6 29.Qc3 Rc8
30.Qd4 Qh5 31.h3 Ne5 32.f4 Ng6 33.fxg5 Qxg5 34.Rxf6 exf6 35.Kh1 Kh8 36.Rf1 Ne5
37.e7 Rg8 38.Qd5 Qg7 39.Rxf6 Qxf6 40.Qxg8+ Kxg8 41.e8=Q+ Kg7 42.b5 Qg5 43.b6 Qxe3
44.Qe7+ Kg6 45.Qxd6+ Kg5 46.Qd8+ Kg6 47.Qg8+ Kf6 48.Qf8+ Nf7 49.Qb4 Nd8 50.Qd6+ Kg7
51.Qxd8 Qe1+ 52.Kh2 Qe5+ 53.Kg1 Qc5+ 54.Kf1 Qc1+ 55.Ke2 Qb2+ 56.Kf3 Qa3+
57.Ke4 Qa2 58.Qd4+ Kg6 59.Qd6+ Kg7 60.Bf3 Qc2+ 61.Kf4 Qh2+  0-1

[Event "Spring op"]
[Site "Budapest"]
[Date "1993.??.??"]
[Round "1"]
[White "Lehmann, Zoltan"]
[Black "Dao Thien Hai"]
[Result "0-1"]
[WhiteElo "2215"]
[BlackElo "2560"]

1.d4 f5 2.g3 Nf6 3.Bg2 g6 4.Nf3 Bg7 5.O-O O-O 6.c4 d6 7.Nc3 Qe8 8.b3 Nc6
9.Bb2 h6 10.e3 e5 11.dxe5 dxe5 12.Qe2 Rf7 13.Rfd1 Be6 14.e4 f4 15.Nd5 Nh7
16.gxf4 Bg4 17.Rd3 exf4 18.Bxg7 Rxg7 19.Qd2 g5 20.Qc3 Bxf3 21.Bxf3 Ne5 22.Rdd1 c6
23.Nb4 g4 24.Bg2 Ng5  0-1

[Event "Budapest FS06 GM"]
[Site "Budapest"]
[Date "1993.??.??"]
[Round "1"]
[White "Lukacs, Peter"]
[Black "Dao Thien Hai"]
[Result "1/2-1/2"]
[WhiteElo "2480"]
[BlackElo "2560"]

1.d4 f5 2.g3 Nf6 3.Bg2 g6 4.c4 Bg7 5.Nf3 O-O 6.O-O d6 7.Nc3 Qe8 8.d5 Na6
9.Rb1 Bd7 10.b3 c6 11.Bb2 Nc7 12.b4 h6 13.Nd4 Rd8 14.Qb3 e5 15.dxe6 Nxe6
16.Nxe6 Bxe6 17.b5 Ng4 18.bxc6 bxc6 19.Qa4 Ne5 20.Nd1 c5 21.Qxa7 Rf7 22.Qa6 Bxc4
23.Qa5 Rb8 24.Ne3 Bxe2 25.Bxe5 Bxf1 26.Rxf1 Bxe5 27.Bd5 Kg7 28.Bxf7 Qxf7
29.Nc4 Bd4 30.Nxd6 Qd7 31.Qa6 f4 32.gxf4 Qg4+ 33.Kh1 Qf3+ 34.Kg1 Rf8 35.Qb7+ Qxb7
36.Nxb7 Rxf4 37.Nd6 Be5 38.Nb5 Rb4 39.Na3 Ra4 40.Nc2 Rxa2 41.Ne3 Bd4 42.Rb1 Bxe3
43.fxe3 Rc2 44.Rb6 c4 45.Rc6 g5 46.e4 h5 47.h3 Kf7 48.Kf1 g4 49.hxg4 hxg4
50.e5 c3 51.Kg1 Ke7 52.Kh1 g3 53.Kg1 Kf7 54.Kh1 Rc1+ 55.Kg2 c2 56.e6+ Kf6
57.e7+ Kxe7 58.Rc3 Kd6 59.Rc8  1/2-1/2

[Event "Budapest FS08 IM"]
[Site "Budapest"]
[Date "1993.??.??"]
[Round "1"]
[White "Sinkovics, Peter"]
[Black "Geisler, Fabian"]
[Result "1-0"]
[WhiteElo "2325"]
[BlackElo "2305"]

1.d4 f5 2.Nf3 Nf6 3.g3 g6 4.Bg2 Bg7 5.O-O O-O 6.c4 d6 7.b3 Qe8 8.Bb2 Na6
9.Nc3 h6 10.Re1 g5 11.e4 fxe4 12.Nxe4 Qf7 13.Nfd2 c6 14.Qe2 Nxe4 15.Nxe4 Bf5
16.d5 c5 17.Bxg7 Qxg7 18.Rad1 Nc7 19.Qd2 Rf7 20.Re3 Raf8 21.Rf1 b6 22.a3 Bg4
23.f3 Bc8 24.b4 a6 25.Rd1 Ne8 26.Qc3 Qg6 27.Rde1 Ng7 28.g4 h5 29.h3 h4 30.a4 Re8
31.Bf1 e5 32.a5 cxb4 33.Qxb4 Rd8 34.Qxb6  1-0

[Event "Budapest FS07 IM-A"]
[Site "Budapest"]
[Date "1993.??.??"]
[Round "2"]
[White "Farago, Sandor"]
[Black "Dengel, Joerg"]
[Result "1-0"]
[WhiteElo "2375"]
[BlackElo "2115"]

1.d4 f5 2.Nf3 Nf6 3.g3 g6 4.Bg2 Bg7 5.O-O O-O 6.c4 d6 7.b3 c6 8.Nc3 Qc7 9.Ba3 Ne4
10.Qd3 Nxc3 11.Qxc3 c5 12.Rad1 Nc6 13.e3 Bd7 14.Qd2 cxd4 15.exd4 f4 16.gxf4 Rae8
17.d5 Nd8 18.Ng5 h6 19.Ne4 Rf7 20.c5 Bf8 21.Rfe1 dxc5 22.Bxc5 b6 23.Be3 Nb7
24.Rc1 Qb8 25.Bd4 Nd6 26.Be5 Bg7 27.Qb4 Bxe5 28.fxe5 Nxe4 29.Qxe4 Bf5 30.Qa4 Ref8
31.d6 exd6 32.Bd5  1-0

[Event "Budapest FS06 IM"]
[Site "Budapest"]
[Date "1993.??.??"]
[Round "2"]
[White "Hedman, Erik"]
[Black "Hoang Than Trang"]
[Result "1-0"]
[WhiteElo "2225"]
[BlackElo "2205"]

1.d4 f5 2.c4 Nf6 3.g3 g6 4.Bg2 Bg7 5.Nf3 O-O 6.O-O d6 7.Nc3 Qe8 8.b3 Nc6
9.Ba3 Ne4 10.Rc1 h6 11.Nb5 Qd8 12.d5 a6 13.Nbd4 Ne5 14.Nd2 Nf6 15.Qc2 Bd7
16.f4 Nfg4 17.fxe5 dxe5 18.N4f3 Ne3 19.Qc3 Nxf1 20.Nxf1 e4 21.Nd4 Qe8 22.Qd2 Rd8
23.e3 g5 24.g4 f4 25.Bxe4 Bxg4 26.Qd3 Qf7 27.Rc2 fxe3 28.Nxe3 Qf4 29.Ndf5 Bxf5
30.Nxf5 Rf7 31.Bc1 Qe5 32.Bb2 Qf4 33.Bxg7 Rxg7 34.Nxg7 Kxg7 35.Rf2 Qe5 36.Qf3 Kh8
37.Qf5 Qxf5 38.Bxf5 Rf8 39.Be6 Rxf2 40.Kxf2  1-0

[Event "Budapest FS10 GM"]
[Site "Budapest"]
[Date "1993.??.??"]
[Round "3"]
[White "Avrukh, Boris"]
[Black "Dao Thien Hai"]
[Result "0-1"]
[WhiteElo "2440"]
[BlackElo "2565"]

1.d4 f5 2.Nf3 Nf6 3.g3 g6 4.Bg2 Bg7 5.O-O O-O 6.c4 d6 7.Nc3 Qe8 8.b3 e5 9.dxe5 dxe5
10.e4 Nc6 11.Nd5 Qd7 12.exf5 e4 13.Ng5 gxf5 14.Ba3 Rd8 15.Nb4 Qe8 16.Qe1 Nd4
17.Rd1 c5 18.Bb2 a5 19.Nd5 Nxd5 20.cxd5 b6 21.Qd2 Rxd5 22.Bxd4 Rxd4 23.Qc2 Ba6
24.Rfe1 Rad8 25.Rxd4 cxd4 26.Qc7 d3 27.Ne6 Rd7 28.Qc6 Re7 29.Qxe8+ Rxe8 30.Nc7 Rc8  0-1